000 02301nam a2200589 i 4500
001 26532
003 KOSZ 005
005 20201015113112.0
008 200717s1974 pl a f 001 0 pol
015 _aUWD 1974/9986
035 _a991033124599705066
035 _a(PL-WaBN)b18875828-48omnis_nlop
035 _ab18875828
035 _a(OCoLC)750626899
035 _a(PL)b0000001887582
035 _a(EXLNZ-48OMNIS_NETWORK)9910035081105606
040 _aWA N
_cWA N
_dKOSZ 005/RW
046 _k1971
080 _a621.38
080 _a681.5
080 _a512.64
080 _a(07)
100 1 _aRamey, Robert Lee
_eAutor
245 1 0 _aZastosowanie macierzy w maszynowej analizie układów elektronicznych /
_cRobert Lee Ramey, Edward John White ; [z języka angielskiego tłumaczyli Jan S. Bober, Piotr Kosewski].
246 1 _iTytuł oryginału:
_aMatrices and computers in electronic circuit analysis,
_f1971
260 _aWarszawa :
_bPaństwowe Wydawnictwo Naukowe,
_c1974.
300 _a366, [1] stron :
_bilustracje ;
_c25 cm.
336 _aTekst
_btxt
_2rdacontent
337 _aBez urządzenia pośredniczącego
_bn
_2rdamedia
338 _aWolumin
_bnc
_2rdacarrier
380 _aKsiążki
380 _aPublikacje fachowe
380 _aPublikacje dydaktyczne
385 _mPoziom nauczania
_aSzkoły wyższe
388 1 _a1901-2000
388 1 _a1945-1989
504 _aBibliografia na stronach [361]-363. Indeks.
521 8 _aKsiążka jest przeznaczona dla pracowników naukowych, inżynierów, zajmujących się projektowaniem układów elektronicznych i studentów starszych lat wydziałów elektroniki wyższych szkół technicznych.
650 7 _aMacierze
650 7 _aModele matematyczne
650 7 _aZastosowanie i wykorzystanie
650 7 _aUkład elektroniczny
655 7 _aPodręcznik
658 _aInżynieria i technika
700 1 _aWhite, Edward John
_eAutor
700 1 _aBober, Jan S.
_eTłumaczenie
700 1 _aKosewski, Piotr
_eTłumaczenie
710 2 _aPaństwowe Wydawnictwo Naukowe
_4pbl
856 _uhttp://koha.tu.koszalin.pl/cgi-bin/koha/opac-detail.pl?biblionumber=26532
_yKatalog online BPK
942 _2UKD
_cKS
999 _c26532
_d26532